| 000 | 00436cam a22001571 4500 | ||
|---|---|---|---|
| 082 |
_a669 _bBAI _cD |
||
| 100 | 1 |
_aBailey, Alan Robert. _944849 |
|
| 245 | 1 | 2 | _aA text-book of metallurgy. |
| 260 |
_aLondon, _bMacmillan, _c1954. |
||
| 300 |
_a560 p. _billus. _c22 cm. |
||
| 526 |
_a0 _b0 _c0 _d669_000000000000000_BAI |
||
| 526 |
_a0 _b0 _c0 _d669_000000000000000_BAI |
||
| 650 | 0 |
_aMCE _9379 |
|
| 650 | 0 |
_aMetallurgy. _925466 |
|
| 942 |
_2ddc _cBK |
||
| 999 |
_c548511 _d548511 |
||